| 000 -ლიდერი |
| ფიქსირებული სიგრძის საკონტროლო ველი |
01478nam a22002417a 4500 |
| 003 - საკონტროლო ნომრის იდენტიფიკატორი |
| საკონტროლო ველი |
Ge_BSU |
| 005 - ბოლო ოპერაციის თარიღი და დრო |
| საკონტროლო ველი |
20190610190247.0 |
| 008 - ფიქსირებული სიგრძის მონაცემთა ელემენტები - ზოგადი ინფორმაცია |
| ფიქსირებული სიგრძის საკონტროლო ველი |
190610b2015 ||||| |||| 00| 0 geo d |
| 020 ## - წიგნის საერთაშორისო სტანდარტული ნომერი |
| International Standard Book Number |
9789941077425 |
| 041 ## - ენის კოდი |
| Language code of text/sound track or separate title |
geo |
| 080 ## - უნივერსალური ათობითი კლასიფიკაციის ინდექსი |
| Universal Decimal Classification number |
821.353.1.09-343 ჯ-30 |
| 100 ## - მთავარი ჩანაწერი - პიროვნების სახელი |
| Personal name |
ჯაჭვაძე-ხმალაძე, ეთერ. |
| 9 (RLIN) |
2351 |
| 245 ## - ცნობა სათაურის შესახებ |
| Title |
"ქართული ცივილიზაციის სათავეებთან - "ამირანიანის" ახლებური ხედვა" / |
| Statement of responsibility, etc |
ეთერ ჯაჭვაძე-ხმალაძე ; გიორგი რჩეულიშვილი ; რედ : სოფიო არსენიშვილი. |
| 264 ## - წარმოების, გამოცემის, დისტრიბუციის და სხვა ცნობები |
| გამოცემის, წარმოების, დისტრიბუციის... ადგილი |
თბილისი : |
| გამოცემის, წარმოების, დისტრიბუციის... სახელწოდება |
ჯეოპრინტი, |
| გამოცემის, წარმოების, დისტრიბუციის... თარიღი |
2015. |
| 300 ## - ფიზიკური აღწერა |
| Extent |
268 გვ. : |
| Other physical details |
ტაბ. ; |
| Dimensions |
20 სმ. |
| 504 ## - BIBLIOGRAPHY, ETC. NOTE |
| Bibliography, etc |
ბიბლიოგრაფია : გვ. 256-268. |
| 546 ## - LANGUAGE NOTE |
| Language note |
დასკვნა ინგლისურ ენაზე: გვ. 234–244. |
| 653 ## - INDEX TERM--UNCONTROLLED |
| Uncontrolled term |
ქართული მითოლოგიის ისტორია და კრიტიკა. |
| 700 ## - ADDED ENTRY--PERSONAL NAME |
| Personal name |
რჩეულიშვილი, გიორგი |
| 9 (RLIN) |
1159 |
| 700 ## - ADDED ENTRY--PERSONAL NAME |
| Personal name |
არსენიშვილი, სოფიო |
| Relator term |
რედაქტორი |
| 9 (RLIN) |
2352 |
| 710 ## - ADDED ENTRY--CORPORATE NAME |
| Corporate name or jurisdiction name as entry element |
იაკობ გოგებაშვილის სახ. თელავის სახელმწ. უნ-ტი |
| 9 (RLIN) |
2353 |
| 942 ## - ADDED ENTRY ELEMENTS (KOHA) |
| Source of classification or shelving scheme |
|
| Koha item type |
წიგნი |